000
00306nam a22001337a 4500
008
170204b xxu||||| |||| 00| 0 eng d
020
_a
9780763729523
041
_a
eng
080
_2
4TH
_a
61
100
_a
3
101
_a
SHM
245
_a
ESSENTIAL CONCEPTS OF HEALTHY LIVING
_c
ALTERS, S
942
_2
udc
_c
BK
999
_c
4660
_d
4660